000
00272nam a22001217a 4500
008
230627b xxu||||| |||| 00| 0 eng d
020
_a
9250038305
082
_a
338.1
_b
FAO 1996
245
_a
Forest Products
260
_b
FAO
_c
1996
300
_a
XLV,377p
942
_2
ddc
_c
BK
999
_c
2831
_d
2831